歴代天皇賞・秋勝ち馬 - Statistics

General Stats
  • This quiz has been taken 4 times
  • The average score is 20 of 85
Answer Stats
Hint Answer % Correct
1999 スペシャルウィーク
100%
2000 テイエムオペラオー
100%
2008 ウオッカ
100%
1988 タマモクロス
67%
1990 ヤエノムテキ
67%
1996 バブルガムフェロー
67%
1997 エアグルーヴ
67%
2001 アグネスデジタル
67%
2002 シンボリクリスエス
67%
2003 シンボリクリスエス
67%
2004 ゼンノロブロイ
67%
2006 ダイワメジャー
67%
2009 カンパニー
67%
2010 ブエナビスタ
67%
2011 トーセンジョーダン
67%
2013 ジャスタウェイ
67%
2016 モーリス
67%
2017 キタサンブラック
67%
2019 アーモンドアイ
67%
2020 アーモンドアイ
67%
2021 エフフォーリア
67%
2022 イクイノックス
67%
2023 イクイノックス
67%
2024 ドウデュース
67%
1965 シンザン
33%
1984 ミスターシービー
33%
1989 スーパークリーク
33%
1993 ヤマニンゼファー
33%
2005 ヘヴンリーロマンス
33%
2007 メイショウサムソン
33%
2012 エイシンフラッシュ
33%
2014 スピルバーグ
33%
2015 ラブリーデイ
33%
2018 レイデオロ
33%
1937 ハッピーマイト
0%
1938 ヒサトモ
0%
1939 テツモン
0%
1940 ロッキーモアー
0%
1941 エステイツ
0%
1942 ニパトア
0%
1943 クリヒカリ
0%
1947 トヨウメ
0%
1048 カツフジ
0%
1949 ニューフォード
0%
1950 ヤシマドオター
0%
1951 ハタカゼ
0%
1952 トラックオー
0%
1953 クインナルビー
0%
1954 オパールオーキツト
0%
1955 ダイナナホウシユウ
0%
1956 ミツドフアーム
0%
1957 ハクチカラ
0%
1958 セルローズ
0%
1959 ガーネツト
0%
1960 オーテモン
0%
1961 タカマガハラ
0%
1962 クリヒデ
0%
1963 リユウフオーレル
0%
1964 ヤマトキヨウダイ
0%
1966 コレヒデ
0%
1967 カブトシロー
0%
1968 ニットエイト
0%
1969 メジロタイヨウ
0%
1970 メジロアサマ
0%
1971 トウメイ
0%
1972 ヤマニンウエーブ
0%
1973 タニノチカラ
0%
1974 カミノテシオ
0%
1975 フジノパーシア
0%
1976 アイフル
0%
1977 ホクトボーイ
0%
1978 テンメイ
0%
1979 スリージャイアンツ
0%
1980 プリテイキャスト
0%
1981 ホウヨウボーイ
0%
1982 メジロティターン
0%
1983 キョウエイプロミス
0%
1985 ギャロップダイナ
0%
1986 サクラユタカオー
0%
1987 ニッポーテイオー
0%
1991 プレクラスニー
0%
1992 レッツゴーターキン
0%
1994 ネーハイシーザー
0%
1995 サクラチトセオー
0%
1998 オフサイドトラップ
0%
No matching quizzes found
Score Distribution
Percent of People with Each Score
Percentile by Number Answered
Your Score History
You have not taken this quiz